Score 0/16 Timer 03:00
0 Plays Today
Scrambled Center 6-Letter Word % Correct
TOOTbottom
90.9%
ALECbleach
79.6%
GLUEbeluga
74.9%
HUESbushel
74%
NOELbelong
73.7%
HOLEbehold
72.7%
RUDEburden
72.3%
ROARbarrow
71.6%
Scrambled Center 6-Letter Word % Correct
NEONbonnet
69.5%
CORNbronco
68.8%
COAXboxcar
62.8%
SPAYbypass
62.4%
TUNAbutane
50.4%
RAULburlap
50.2%
MENUbenumb
47.8%
TEARbetray
33.1%
Remove Ads.
Support Sporcle.
Get the best of Sporcle when you Go Orange. This ad-free experience offers more features, more stats, and more fun while also helping to support Sporcle. Thank you for becoming a member.

You're not logged in!

Compare scores with friends on all Sporcle quizzes.
OR
Log In

Show Comments

Extras

Top Quizzes Today


Score Distribution

Your Account Isn't Verified!

In order to create a playlist on Sporcle, you need to verify the email address you used during registration. Go to your Sporcle Settings to finish the process.

Report this User

Report this user for behavior that violates our Community Guidelines.

Details: